| 000 | 00482nam a2200145 4500 | ||
|---|---|---|---|
| 999 |
_c513458 _d513458 |
||
| 008 | 200221b ||||| |||| 00| 0 eng d | ||
| 100 |
_aSonker, Akanksha Pratik _916341 |
||
| 245 | _aCooperative credit institutions and rural credit in India under neoliberalism | ||
| 260 | _bSocial Scientist | ||
| 300 | _a47(11-12), Nov-Dec, 2019: p.37-61. | ||
| 650 |
_aRural credit - India _916342 |
||
| 773 | _aSocial Scientist | ||
| 906 | _aAgricultural credit - India | ||
| 942 |
_2ddc _cAR |
||